| 000 | 00607nam a2200181 i 4500 | ||
|---|---|---|---|
| 001 | 32205 | ||
| 003 | ES-MaACL | ||
| 005 | 20230906154530.0 | ||
| 007 | t| | ||
| 008 | 030130s1953 sp ||||1| spa d | ||
| 100 | 1 |
_aBenítez Franco, Bartolomé. _927636 |
|
| 245 | 1 | 3 |
_aLa asistencia médica en los seguros de enfermedad _b: (notas y comentarios) / _cBartolomé Benítez Franco. |
| 260 |
_aMadrid : _b[s.n., _c1953] ( _fGráf. Valera) |
||
| 300 |
_a130 p. ; _c19 cm. |
||
| 650 | 4 |
_aAsistencia sanitaria- _zEspaña. _910373 |
|
| 650 | 4 |
_aSeguros de asistencia sanitaria. _9163126 |
|
| 852 |
_aES-MaACL _jC-6902 |
||
| 999 |
_c32205 _d32205 |
||